000 00617cam a22002291 4500
001 sa 63004290
003 DLC
005 20260227111948.0
008 910703s1961 ii 000 0 maro
010 _asa 63004290
035 _a(OCoLC)24026780
040 _aDLC
_cWaU
_dDLC
042 _apremarc
043 _aa-ii---
050 0 0 _aHC437.M32
_bS4
100 1 _aŚejavalakara, Pra. Cĩ.
_q(Prabhākara Cintāmaṇa),
_d1929-
245 1 0 _aMahārāshṭrācā ārthika vikāsa.
260 _c[1961]
300 _a63 p.
_c21 cm.
500 _aIn Marathi.
651 0 _aMaharashtra (India)
_xEconomic conditions.
999 _c55570
_d55570